| 000 | 00391pab a2200157 454500 | ||
|---|---|---|---|
| 008 | 180718b2014 xxu||||| |||| 00| 0 eng d | ||
| 100 | _aAlleman, Glen B. | ||
| 245 | _aPoject success: The basis of the five immutable principles | ||
| 260 | _c2014 | ||
| 300 | _ap.35-38. | ||
| 362 | _aFall | ||
| 650 | _aProject management | ||
| 773 | _aPublic Manager | ||
| 908 | _aN | ||
| 909 | _a106552 | ||
| 999 |
_c106547 _d106547 |
||